Statistics for 2018 MLB WAR Leaders By Team

Click here to take the quiz!

General Stats

  • This quiz has been taken 36 times
  • The average score is 14 of 31

Answer Stats

Team, WARPlayer% Correct
10.2, AngelsMike Trout
100%
10.9, Red SoxMookie Betts
100%
5.5, YankeesAaron Judge
89%
9.6, MetsJacob deGrom
89%
8.8, NationalsMax Scherzer
82%
10.5, PhilliesAaron Nola
79%
7.6, BrewersChristian Yelich
79%
5.4, DiamondbacksPaul Goldschmidt
71%
6.3, CubsJavier Baez
64%
6.9, AstrosAlex Bregman
61%
6.1, BravesFreddie Freeman
61%
8.2, AthleticsMatt Chapman
57%
4.1, BravesRonald Acuna Jr.
54%
7.5, RaysBlake Snell
50%
4.5, DodgersJustin Turner
43%
8.4, RockiesKyle Freeland
43%
5.5, RoyalsWhit Merrifield
43%
4.9, CardinalsMatt Carpenter
39%
4.3, MarlinsJ.T. Realmuto
36%
4.2, RedsEugenio Suarez
32%
2.9, OriolesManny Machado
32%
6.1, MarinersMitch Haniger
32%
2.9, Tigers (TIE)Nicholas Castellanos (Other is Mike Fiers)
18%
7.9, Indians (TIE)Fransisco Lindor (Other is Jose Ramirez)
11%
7.9, Indians (TIE)Jose Ramirez (Other is Fransisco Lindor)
11%
2.9, Tigers (TIE)Mike Fiers (Other is Nicholas Castellanos)
11%
4.7, PiratesJameson Taillon
7%
3.7, RangersMike Minor
7%
2.5, Blue JaysKevin Pillar
4%
3.9, TwinsJose Berrios
0%
3.1, White SoxReynaldo Lopez
0%

Score Distribution

Percentile by Number Answered

Percent of People with Each Score

Your Score History

You have not taken this quiz